The 41 nationalities to have scored a PL hat-trick Quiz Stats

 Plays Quiz not verified by Sporcle

Challenge
Share
Tweet
Embed
Score 0/41 Timer 10:00
0 Plays Today
Hint Answer % Correct
Oldham vs Norwich City 1992England
98.4%
Leeds vs Tottenham Hotspur 1992France
96.8%
Tottenham Hotspur vs Everton 2003Ireland
94.9%
Liverpool vs Middlesbrough 2008Spain
93.9%
Aston Villa vs Swindon 1994Wales
93.6%
Middlesbrough vs Blackburn 1992Scotland
92.6%
Middlesbrough vs Manchester City 2008Brazil
92.3%
Manchester City vs Blackburn 2010Argentina
92%
Manchester United vs Newcastle United 2008Portugal
91.6%
Wimbledon vs Tottenham Hotspur 1998Germany
89.4%
Manchester United vs Manchester City 1994Russia
88.7%
Leicester City vs Arsenal 1997Netherlands
88.4%
Fulham vs Newcastle United 2012USA
88.4%
Sunderland vs Arsenal 2003Sweden
87.8%
Middlesbrough vs Liverpool 1996Italy
87.1%
Aston Villa vs Sunderland 2014Belgium
84.6%
Everton vs Norwich City 1993Nigeria
82%
Swindon vs Coventry 1994Norway
81.7%
Norwich City vs Liverpool 2012Uruguay
81%
Leeds vs Liverpool 2000Australia
80.1%
Chelsea vs Watford 2006Ivory Coast
80.1%
Hint Answer % Correct
Leicester City vs Arsenal 2015Chile
75.2%
Manchester United vs Norwich City 2013Japan
74.9%
Swansea vs Leicester City 2015Algeria
74%
Birmingham City vs Tottenham Hotspur 2008Finland
72.3%
Leeds vs Ipswich 1995Ghana
70.7%
Liverpool vs Chelsea 1997Czech Republic
68.8%
Chelsea vs Blackburn 2004Iceland
67.8%
Tottenham Hotspur vs Reading 2007Bulgaria
66.2%
Aston Villa vs Coventry 1995Serbia
64.3%
Arsenal vs Derby 2007Togo
63%
Wigan vs Charlton 2005Senegal
61.7%
Newcastle United vs West Bromwich Albion 2011Cameroon
60.5%
Tottenham Hotspur vs Manchester City 2011Bosnia
58.8%
Charlton vs Liverpool 2003Jamaica
57.9%
Newcastle United vs Aston Villa 1996Trinidad and Tobago
51.8%
Wigan vs Blackburn 2007Paraguay
46.9%
Liverpool vs Burnley 2009Israel
45.3%
Manchester City vs Sunderland 2000Costa Rica
44.7%
Sunderland vs Crystal Palace 2015Democratic Republic of the Congo
37.3%
Liverpool vs Coventry 1995Zimbabwe
33.8%

You're not logged in!

Compare scores with friends on all Sporcle quizzes.
Join for Free
OR
Log In

You Might Also Like...

Show Comments

Extras

Top Quizzes Today


Score Distribution

Your Account Isn't Verified!

In order to create a playlist on Sporcle, you need to verify the email address you used during registration. Go to your Sporcle Settings to finish the process.

Report this User

Report this user for behavior that violates our Community Guidelines.

Details: